| 000 | 01205nam0a22002651 4500 | ||
|---|---|---|---|
| 001 | rc\4591498 | ||
| 005 | 20260407041746.0 | ||
| 021 |
_aRU _b[66-53894] |
||
| 035 | _a(NLR Aleph) 008661766 | ||
| 090 |
_a9065766 _c9065766 |
||
| 100 | _a20130416d1966 |||y0rusy50 ca | ||
| 101 | 0 | _arus | |
| 102 | _aRU | ||
| 105 | _ay c ||||| | ||
| 200 | 1 |
_aМетодические указания по проведению исследований в области изучения газовыделений _fИн-т горного дела им. А.А. Скочинского. Лаборатория прогноза и борьбы с газовыделением |
|
| 210 |
_aМосква _cБ. и. _d1966 |
||
| 215 |
_a35 с. _d21 |
||
| 320 | _aБиблиогр.: с. 32-34 (41 назв.) | ||
| 606 |
_aУгольные шахты _xГазовыделение _2psbo |
||
| 712 | 0 | 2 |
_aИнститут горного дела им. А.А.Скочинского _cМосква _bЛаборатория прогноза и борьбы с газовыделением _3RU\NLR\AUTH\8810013919 _9525749 |
| 801 | 0 |
_aRU _bNLR _gpsbo |
|
| 801 | 1 |
_aRU _bELAR _2rusmarc |
|
| 852 |
_aNLR _j66-6/8569 |
||
| 942 | _cBOOK | ||
| 980 | _aNB | ||